Industrial utilization of sorghum : summary proceedings of a Symposium on the Current Status and Potential of Industrial Uses of Sorghum in Nigeria, 4-6 Dec. 1989, Kano, Nigeria.
Guardado en:
| Autores Corporativos: | , , |
|---|---|
| Formato: | Libro |
| Idioma: | English |
| Publicado: |
Patancheru, Andhra Pradesh, India :
ICRISAT,
1990.
|
| Acceso en línea: | Texto completo |
| Etiquetas: |
Agregar Etiqueta
Sin Etiquetas, Sea el primero en etiquetar este registro!
|
| LEADER | 01414cam a2200289 a 4500 | ||
|---|---|---|---|
| 001 | EEA.libagro010202 | ||
| 005 | 20190829093911.0 | ||
| 008 | 931215s1990####ii############100#0#eng#d | ||
| 010 | |a 93244030 | ||
| 020 | |a 9290661887 | ||
| 040 | |a MH-A |c MH-A |d DNAL |d DLC | ||
| 041 | 0 | |a eng |b fre | |
| 043 | |a f-nr--- | ||
| 050 | 0 | 4 | |a SB191.S7 |b S96 1990 |
| 070 | |a SB191.S7S9 |b 1989 | ||
| 082 | 0 | 4 | |a 664.725 |
| 111 | 2 | |a Symposium on the Current Status and Potential of Industrial Uses of Sorghum in Nigeria |d (1989 : |c Kano, Nigeria) | |
| 245 | 1 | 0 | |a Industrial utilization of sorghum : |b summary proceedings of a Symposium on the Current Status and Potential of Industrial Uses of Sorghum in Nigeria, 4-6 Dec. 1989, Kano, Nigeria. |
| 260 | |a Patancheru, Andhra Pradesh, India : |b ICRISAT, |c 1990. | ||
| 300 | |a v, 59 p. ; |c 24 cm. | ||
| 500 | |a Resumen en inglés y francés. | ||
| 500 | |a "The ICRISAT West African Sorghum Improvement Program (WASIP), Kano, Nigeria organized jointly with the Institute for Agricultural Research (IAR), Samaru, Ahmadu Bello University (ABU), Zaria, a national symposium"--P. v. | ||
| 500 | |a "ICR 90-0031"--P. [4] of cover. | ||
| 710 | 2 | |a West African Sorghum Improvement Program. | |
| 710 | 2 | |a Ahmadu Bello University. |b Institute for Agricultural Research. | |
| 856 | |3 Texto completo |u http://oar.icrisat.org/951/1/RA%5F000160.pdf | ||
| 859 | |a AR-BbBCA |b BIB. AGRONOMIA |h 664.725 |i I15 |p 1991/1793 | ||
